000 00509nam a2200169Ia 4500
008 090124s9999 xx 000 0 und d
020 _a81-8143-063-8
082 _b46850
245 _a गजल.... दुष्यंत के बाद
250 _a1
260 _c2003
300 _a479
630 _a गजल.... दुष्यंत के बाद
700 _aदीक्षित दनकौरी
730 _a गजल.... दुष्यंत के बाद
942 _cBOOK
999 _c113076
_d113076